| 000 | 01582cam a22004093a 4500 | ||
|---|---|---|---|
| 001 | 12503193 | ||
| 003 | OSt | ||
| 005 | 20140310182241.0 | ||
| 008 | 991006s1999 nyu c 000 1 eng d | ||
| 010 | _a 2001567019 | ||
| 020 | _a0671028197 (pbk.) | ||
| 035 | _a(OCoLC)ocm42581354 | ||
| 040 |
_aJED _cJED _dSLC _dLEO _dDLC |
||
| 042 | _alccopycat | ||
| 050 |
_aPZ 7 _b.V953s27 1999 |
||
| 082 |
_aFIC# _bSAB #27 |
||
| 100 | 1 |
_aVornholt, John. _94334 |
|
| 245 | 1 | 0 |
_aHaunts in the house / _cJohn Vornholt. |
| 260 |
_aNew York : _bPocket Books, _cc1999. |
||
| 300 |
_a134 p. ; _c18 cm. |
||
| 440 |
_aSabrina the teenage witch _n#27 _919090 |
||
| 500 | _a"An Archway paperback." | ||
| 500 | _a"Based on the television series Sabrina, the teenage witch." | ||
| 650 | 0 |
_aWitches _vJuvenile fiction. _919091 |
|
| 655 | 7 |
_aYoung adult fiction. _2lcsh _93735 |
|
| 655 | 7 |
_aOccult fiction. _2gsafd _93399 |
|
| 710 | 2 |
_aCopyright Paperback Collection (Library of Congress) _5DLC _9705 |
|
| 730 | 0 |
_aSabrina, the teenage witch (Television program) _96624 |
|
| 830 | 0 |
_aSabrina, the teenage witch (Young adult series) ; _v27. _919092 |
|
| 856 | 4 | 2 |
_3Contributor biographical information _uhttp://www.loc.gov/catdir/bios/simon053/2001567019.html |
| 856 | 4 | 2 |
_3Publisher description _uhttp://www.loc.gov/catdir/description/simon051/2001567019.html |
| 856 | 4 | 1 |
_3Sample text _uhttp://www.loc.gov/catdir/enhancements/fy0645/2001567019-s.html |
| 906 |
_a7 _bcbc _ccopycat _d2 _encip _f20 _gy-genrareb |
||
| 942 |
_2lcc _cBK-FIC |
||
| 999 |
_c11142 _d11142 |
||